THE HARDEST MATH QUIZ EVER - Statistics

General Stats
  • This quiz has been taken 5 times
  • The average score is 3 of 10
Answer Stats
Hint Answer % Correct
89328+3232+3232+3232÷743671 95792.004
60%
7236x672+77326÷9372+7261÷65 4862711.958
40%
49372-93827÷9758+999643÷8376 49481.730
40%
92784+394823842÷5845x8238 556561357.207
40%
6297382+828+828+938÷82837-82 6298956.011
40%
9820462÷8x54+3847282÷6142 66288744.889
40%
2371x824+92323+8218216÷893 2055229.929
20%
1÷985x5352÷8+8439x53218 449106702.679
20%
8384÷89÷54+8x7326748 58613985.744
20%
43943x92132÷94381+830-�8261 117925.884
0%
No matching quizzes found
Score Distribution
Percent of People with Each Score
Percentile by Number Answered
Your Score History
You have not taken this quiz